000
00287nam a2200133Ia 4500
005
20251222144833.0
008
251222s9999||||xx |||||||||||||| ||spa||
020
_a
8479592567
082
_a
750/C76G
245
0
_a
Roca, Amadeo
250
_a
1ra.ed.
264
_b
Caja Sur
942
_c
LIB
999
_c
20936
_d
20936